Fr. Conceicao Rodrigues College of Engineering

Engineering Drawing (Record no. 29527)

MARC details
000 -LEADER
fixed length control field 00374nam a2200181Ia 4500
082 ## - DEWEY DECIMAL CLASSIFICATION NUMBER
Classification number 604.2
Item number DUB
100 ## - MAIN ENTRY--PERSONAL NAME
Personal name Dubey/N.H
250 ## - EDITION STATEMENT
Edition statement 13
245 ## - TITLE STATEMENT
Title Engineering Drawing
260 ## - PUBLICATION, DISTRIBUTION, ETC.
Name of publisher, distributor, etc. Nandu Book House
Date of publication, distribution, etc. 2013
366 ## - TRADE AVAILABILITY INFORMATION
Publishers's discount category 10
300 ## - PHYSICAL DESCRIPTION
Extent 571
546 ## - LANGUAGE NOTE
Language note ENGLISH
-- Info.Tech
650 ## - SUBJECT ADDED ENTRY--TOPICAL TERM
Topical term or geographic name entry element Engineering Drawing
654 ## - SUBJECT ADDED ENTRY--FACETED TOPICAL TERMS
Focus term drawing
942 ## - ADDED ENTRY ELEMENTS (KOHA)
Koha item type BOOK
Holdings
Withdrawn status Lost status Damaged status Not for loan Collection Home library Current library Date acquired Source of acquisition Cost, normal purchase price Inventory number Total Checkouts Full call number Barcode Date last seen Cost, replacement price Price effective from Koha item type Date last checked out
        CRC Fr. Agnel's C.Rodrigues College of Engineering AGNEL TECHNICAL COLLEGE LIBRARY 17/03/2023 Allied Publishers 396.00 2947 dt 02/03/2013 1 604.2 DUB 22581 10/10/2024 440.00   BOOK 30/06/2023
        CRC Fr. Agnel's C.Rodrigues College of Engineering Fr. Agnel's C.Rodrigues College of Engineering 17/03/2023 Allied Publishers 396.00 2947 dt 02/03/2013   604.2 DUB 22577 17/03/2023 440.00   BOOK  
        CRC Fr. Agnel's C.Rodrigues College of Engineering Fr. Agnel's C.Rodrigues College of Engineering 17/03/2023 Allied Publishers 396.00 2947 dt 02/03/2013 1 604.2 DUB 22578 10/10/2024 440.00   BOOK 03/11/2023
        CRC Fr. Agnel's C.Rodrigues College of Engineering Fr. Agnel's C.Rodrigues College of Engineering 17/03/2023 Allied Publishers 396.00 2947 dt 02/03/2013 5 604.2 DUB 22579 09/05/2025 440.00   BOOK 23/04/2025
        CRC Fr. Agnel's C.Rodrigues College of Engineering Fr. Agnel's C.Rodrigues College of Engineering 17/03/2023 Allied Publishers 396.00 2947 dt 02/03/2013 2 604.2 DUB 22580 27/05/2024 440.00   BOOK 22/04/2024